000 00972nam a2200277 i 4500
001 bgj
100 1 _aAVERY, Peter
245 1 0 _aTeaching American English Pronunciation /
_cPeter Avery and Susan Ehrlich.
260 _aOxford :
_bOxford University Press,
_c1992.
300 _aXVI, 254 pp :
_bill. ;
_c25 cm.
490 1 _aOxford Handbooks for Language Teachers
504 _aBibliography p. 246-249.
505 _aIncludes index.
650 9 _aEnglish language
_xPronunciation
_xStudy and teaching
650 9 _aEnglish language
_xPronunciation by foreign speakers
650 9 _aEnglish language
_xStudy and teaching
_xForeign speakers
650 9 _aEnglish language
_xPronunciation
_zUnited States
700 1 _aEHRLICH, Susan.
_eco-author
830 _aOxford Handbooks for Language Teachers
020 _a0194328155 (pbk)
040 _cBPK
041 0 _aeng
920 _a0-19-432-815-5 (pbk)
942 _cKS
008 s uk f |000 0 eng
999 _c48239
_d48239
856 _uhttp://koha.tu.koszalin.pl/cgi-bin/koha/opac-detail.pl?biblionumber=48239
_yKatalog online BPK